15 Largest Lakes in the USA by Volume - Statistics

General Stats
  • This quiz has been taken 54 times
  • The average score is 8 of 15
Answer Stats
Hint Answer % Correct
OH-PA-NY-MI-Ontario Lake Erie
96%
MI-WI-IL-IN Lake Michigan
96%
Ontario-Michigan Lake Huron
94%
NY-Ontario Lake Ontario
94%
MN-MI-WI-Ontario Lake Superior
94%
California-Nevada Lake Tahoe
80%
VT-NY-Quebec Lake Champlain
69%
Arizona-Nevada Lake Mead
57%
Nevada Pyramid Lake
27%
North Dakota Lake Sakakawea
25%
Southwest Alaska Iliamna Lake
22%
N Dakota-S Dakota Lake Oahe
22%
Alaskan Peninsula Becharof Lake
18%
Southern Alaska Lake Clark
16%
Idaho Lake Pend Oreille
16%
No matching quizzes found
Score Distribution
Percent of People with Each Score
Percentile by Number Answered
Your Score History
You have not taken this quiz